000 00904nam a2200217Ia 4500
999 _c29941
_d29941
003 OSt
005 20210626112050.0
008 160316s2012 xxu||||| |||| 00| 0 eng d
020 _a9781139035361
040 _cNLS
082 _a346.048 GEO
100 _aGeorge Alexandra
245 _aConstructing intellectual property
260 _aCambridge
_bCambridge University Press
_c2012
300 _a405p
365 _bRs. 5,256
505 _aContents: 1 - Introduction; 2 - The Difficulty of Defining ‘Intellectual Property’; 3 - The Metaphysics of Intellectual Property; 4 - Intellectual Property’s Core Criteria; 5 - ‘Family Resemblance’ and Intellectual Property; 6 - Concluding Remarks; Appendix - Normative Approaches to Intellectual Propertization; Bibliography; Filmography; Index.
650 _a1. Intellectual Property - Philosophy
700 _a
_a
942 _2ddc
_cBK